Logo BPK

Biblioteka

Politechniki Koszalińskiej

Elektrofiltry'96 : (Rekord nr 32892)

Szczegóły MARC
000 -ETYKIETA REKORDU
podpole kontrolne o stałej długości 00833nam a2200217 i 4500
001 - NUMER KONTROLNY REKORDU
pole kontrolne bg
040 ## - ŹRÓDŁO KATALOGOWANIA
Instytucja, która utworzyła rekord BPK
041 0# - KOD JĘZYKA
Kod języka tekstu pl
080 ## - UNIWERSALNA KLASYFIKACJA DZIESIĘTNA - UKD
UKD 621.31:628.5](061.3)
008 - POLE O STAŁEJ DŁUGOŚCI - DANE KONTROLNE
podpole kontrolne o stałej długości s pl f |000 0 pol
111 2# - NAZWA IMPREZY
Nazwa imprezy Elektrofiltry'96
Oznaczenie części/sekcji/imprezy (6 ;
Miejsce imprezy Bełchatów).
245 00 - TYTUŁ/ODPOWIEDZIALNOŚĆ
Tytuł Elektrofiltry'96 :
Ciąg dalszy tytułu IV konferencja naukowo-techniczna : materiały konferencyjne, Bełchatów 5-7 wrzesień 1996 /
Pozostałe elementy strefy tytułu i oznaczenia odpowiedzialności Polski Komitet Elektrostatyki SEP [Stowarzyszenia Elektryków Polskich], Elektrownia Bełchatów, Zakłady Naukowo-Techniczne "Proteko".
260 ## - STREFA ADRESU WYDAWNICZEGO
Miejsce wydania Kraków :
Nazwa wydawcy/dystrybutora "Proteko",
Data publikacji, dystrybucji/powstania dokumentu 1996.
300 ## - STREFA OPISU FIZYCZNEGO
Objętość 249 s. :
Inne cechy fizyczne fot., rys., wykr. ;
Rozmiary 24 cm.
500 ## - UWAGI OGÓLNE
Tekst uwagi Na prawach rpsu.
504 ## - UWAGA DOTYCZĄCA BIBLIOGRAFII
Informacje o bibliografii Bibliogr. przy ref.
650 #9 - HASŁO PRZEDMIOTOWE W FORMIE NAZWY OGÓLNEJ LUB JEDNOSTKOWEJ
Nazwa ogólna lub geograficzna Filtry elektryczne
Określnik ogólny stosowanie
650 #9 - HASŁO PRZEDMIOTOWE W FORMIE NAZWY OGÓLNEJ LUB JEDNOSTKOWEJ
Nazwa ogólna lub geograficzna Energetyka
Określnik ogólny higiena
655 ## - TERMIN INDEKSOWY - OKREŚLENIE RODZAJU/FORMY DOKUMENTU
Określenie rodzaju/formy dokumentu Materiały konferencyjne
942 ## - DODATKOWE ELEMENTY (KOHA)
Typ dokumentu Książka
Egzemplarze
Wycofany Status egzemplarza Uszkodzony Dostępność Lokalizacja stała Lokalizacja bieżąca Miejsce przechowywania Sygnatura Kod kreskowy Typ dokumentu
      Dostępny Biblioteka Politechniki Koszalińskiej Biblioteka Politechniki Koszalińskiej Wypożyczalnia BG 42534 01316889 Książka
© 2023 Biblioteka Politechniki Koszalińskiej :: KOHA